Warriors: Spottedleaf or Sorreltail? Quiz Stats

 Plays Quiz not verified by Sporcle

Support Sporcle.
Go Orange.
Score 0/6 Timer 01:00
0 Plays Today
% Correct
Sorreltail
96.9%
Spottedleaf
79.7%
Spottedleaf
78.1%
Sorreltail
75%
Spottedleaf
73.4%
Sorreltail
67.2%

You're not logged in!

Compare scores with friends on all Sporcle quizzes.
OR
Log In

From the Vault

Adam Sandler Movies by Image

by FarmerBob

"During high school, I played junior hockey and still hold two league records: most time spent in the penalty box; and I was the only guy to ever take off his skate and try to stab somebody." - Happy Gilmore
Remove Ads.
Support Sporcle.
Get the best of Sporcle when you Go Orange. This ad-free experience offers more features, more stats, and more fun while also helping to support Sporcle. Thank you for becoming a member.

Show Comments

Extras

Created Feb 11, 2018ReportNominate
Tags:Warrior

Top Quizzes Today


Score Distribution

Your Account Isn't Verified!

In order to create a playlist on Sporcle, you need to verify the email address you used during registration. Go to your Sporcle Settings to finish the process.

Report this User

Report this user for behavior that violates our Community Guidelines.

Details: